[Event "CZE-chT2c 0506"]
[Site "Czech Republic"]
[Date "2006.02.26"]
[Round "8.6"]
[White "Stepan, Michal"]
[Black "Fiedler, Bedrich"]
[Result "1/2-1/2"]
[WhiteElo "2020"]
[BlackElo "2199"]
[PlyCount "92"]
[EventDate "2005.10.16"]
[EventType "team-tourn"]
[EventRounds "11"]
[EventCountry "CZE"]
[SourceTitle "EXT 2009"]
[Source "ChessBase"]
[SourceDate "2008.11.26"]
[SourceVersion "1"]
[SourceVersionDate "2008.11.26"]
[SourceQuality "1"]
[WhiteTeam "Nachod"]
[BlackTeam "Polabiny"]
[WhiteTeamCountry "CZE"]
[BlackTeamCountry "CZE"]

1. d4 Nf6 2. Nc3 c5 3. d5 d6 4. e4 g6 5. Nf3 Bg7 6. Bb5+ Bd7 7. a4 0-0 8. 0-0 Na6 9. Re1 Nc7 10. Bf1 b6 11. Bf4 a6 12. Qd2 b5 13. axb5 axb5 14. Rxa8 Qxa8 15. Bh6 b4 16. Nd1 Qa2 17. Bxg7 Kxg7 18. c4 bxc3 19. Nxc3 Qb3 20. e5 Nfxd5 21. exd6 exd6 22. Re4 Nxc3 23. Rh4 h5 24. Qxd6 Qxb2 25. Qxc7 Bg4 26. Ng5 Ne2+ 27. Bxe2 Qc1+ 28. Bf1 Qxg5 29. g3 Rc8 30. Qb7 c4 31. h3 Be6 32. Rf4 Qd5 33. Rxf7+ Bxf7 34. Qxc8 Qd4 35. g4 hxg4 36. hxg4 c3 37. g5 Qe5 38. f4 Qd4+ 39. Kh1 Bd5+ 40. Bg2 Qd1+ 41. Kh2 Qd2 42. Qc7+ Bf7 43. f5 gxf5 44. Qe5+ Kg8 45. Qb8+ Kg7 46. Qe5+ Kg8 1/2-1/2

[Event "Hradec Kralove Region-chT 0506"]
[Site "Czech Republic"]
[Date "2006.02.05"]
[Round "7.2"]
[White "Stepan, Michal"]
[Black "Rydl, Frantisek Sr"]
[Result "0-1"]
[WhiteElo "2020"]
[BlackElo "2107"]
[PlyCount "84"]
[EventDate "2005.10.23"]
[EventType "team-tourn"]
[EventRounds "11"]
[EventCountry "CZE"]
[SourceTitle "EXT 2024"]
[Source "ChessBase"]
[SourceDate "2023.10.10"]
[SourceVersion "1"]
[SourceVersionDate "2023.10.10"]
[SourceQuality "1"]
[WhiteTeam "Broumov Slovan"]
[BlackTeam "Rychnov nad Kneznou"]
[WhiteTeamCountry "CZE"]
[BlackTeamCountry "CZE"]

1. d4 d5 2. Nc3 e6 3. e4 Nf6 4. e5 Nfd7 5. f4 c5 6. Nf3 Nc6 7. Be3 a6 8. Qd2 b5 9. Bd3 Qb6 10. Qf2 c4 11. Be2 g6 12. 0-0 h5 13. a3 Ne7 14. Bd1 Nf5 15. Ne2 Be7 16. g3 Bb7 17. c3 0-0-0 18. Bc2 Rdg8 19. Bd2 Nb8 20. Kg2 Nc6 21. h3 a5 22. Rh1 b4 23. axb4 axb4 24. Rag1 b3 25. Bd1 Nh6 26. Rh2 f5 27. exf6 Bxf6 28. Re1 Nf7 29. Ne5 Nd6 30. Ng1 Bxe5 31. dxe5 Qxf2+ 32. Kxf2 Ne4+ 33. Rxe4 dxe4 34. Be2 Na5 35. Be3 Bd5 36. h4 Kd7 37. Nh3 Nb7 38. Ng5 Ra8 39. Bf1 Ra2 40. Kg1 Kc6 41. Bh3 Ra1+ 42. Kg2 Rb1 0-1

[Event "CZE-chT2c 0506"]
[Site "Czech Republic"]
[Date "2006.01.15"]
[Round "6.7"]
[White "Jiruse, Josef"]
[Black "Stepan, Michal"]
[Result "1-0"]
[WhiteElo "2127"]
[BlackElo "2020"]
[PlyCount "83"]
[EventDate "2005.10.16"]
[EventType "team-tourn"]
[EventRounds "11"]
[EventCountry "CZE"]
[SourceTitle "EXT 2009"]
[Source "ChessBase"]
[SourceDate "2008.11.26"]
[SourceVersion "1"]
[SourceVersionDate "2008.11.26"]
[SourceQuality "1"]
[WhiteTeam "Hradec Kralove II"]
[BlackTeam "Nachod"]
[WhiteTeamCountry "CZE"]
[BlackTeamCountry "CZE"]

1. e4 g6 2. d4 Bg7 3. Nc3 d6 4. Be3 Nd7 5. Be2 c6 6. h4 h5 7. Qd2 b5 8. f3 Nb6 9. Rd1 a5 10. b3 b4 11. Nb1 d5 12. c3 dxe4 13. fxe4 Nf6 14. Bf3 Ng4 15. Ne2 Qc7 16. Bf4 e5 17. Bxg4 Bxg4 18. Bg3 0-0 19. 0-0 Qe7 20. Qe3 Rad8 21. Bf2 Rfe8 22. dxe5 Bxe5 23. Rxd8 Rxd8 24. Nd4 Bc7 25. cxb4 axb4 26. Nd2 c5 27. N4f3 c4 28. Nxc4 Nxc4 29. bxc4 Qd6 30. c5 Qa6 31. Qb3 Rd3 32. Qxb4 Bxf3 33. gxf3 Rxf3 34. Kg2 Qf6 35. Qd4 Qf4 36. e5 Rg3+ 37. Kh2 Rh3+ 38. Kxh3 Qf3+ 39. Kh2 Qe2 40. Re1 Bxe5+ 41. Qxe5 Qxf2+ 42. Kh3 1-0

[Event "Hradec Kralove Region-chT 0506"]
[Site "Czech Republic"]
[Date "2005.11.27"]
[Round "3.2"]
[White "Stepan, Michal"]
[Black "Martinovsky, Miroslav"]
[Result "1-0"]
[WhiteElo "2020"]
[BlackElo "1935"]
[PlyCount "49"]
[EventDate "2005.10.23"]
[EventType "team-tourn"]
[EventRounds "11"]
[EventCountry "CZE"]
[SourceTitle "EXT 2024"]
[Source "ChessBase"]
[SourceDate "2023.10.10"]
[SourceVersion "1"]
[SourceVersionDate "2023.10.10"]
[SourceQuality "1"]
[WhiteTeam "Broumov Slovan"]
[BlackTeam "Jaromer Jiskra"]
[WhiteTeamCountry "CZE"]
[BlackTeamCountry "CZE"]

1. d4 Nf6 2. Nc3 d6 3. e4 g6 4. Bc4 Bg7 5. Nf3 0-0 6. Qe2 c6 7. e5 dxe5 8. dxe5 Nd5 9. Bd2 a6 10. h4 Bg4 11. h5 b5 12. Bb3 Ra7 13. 0-0-0 Rd7 14. hxg6 hxg6 15. Qe4 Bxf3 16. gxf3 e6 17. Rdg1 Nxc3 18. Bxc3 c5 19. Rxg6 fxg6 20. Bxe6+ Rff7 21. Qxg6 Kf8 22. Bxf7 Rxf7 23. e6 Rc7 24. Bxg7+ Rxg7 25. Rh8+ 1-0

[Event "CZE-chT2c 0506"]
[Site "Czech Republic"]
[Date "2005.11.06"]
[Round "2.8"]
[White "Matejka, Petr"]
[Black "Stepan, Michal"]
[Result "1-0"]
[WhiteElo "2083"]
[BlackElo "2020"]
[PlyCount "55"]
[EventDate "2005.10.16"]
[EventType "team-tourn"]
[EventRounds "11"]
[EventCountry "CZE"]
[SourceTitle "EXT 2009"]
[Source "ChessBase"]
[SourceDate "2008.11.26"]
[SourceVersion "1"]
[SourceVersionDate "2008.11.26"]
[SourceQuality "1"]
[WhiteTeam "Bohemians II"]
[BlackTeam "Nachod"]
[WhiteTeamCountry "CZE"]
[BlackTeamCountry "CZE"]

1. d4 Nf6 2. c4 g6 3. Nc3 Bg7 4. g3 0-0 5. Bg2 c5 6. d5 d6 7. Nf3 e6 8. dxe6 fxe6 9. 0-0 Nc6 10. Nb5 d5 11. Bf4 Ne8 12. cxd5 exd5 13. Rc1 b6 14. Nd6 Nc7 15. Ng5 Nd4 16. Nxc8 Rxc8 17. e3 Ndb5 18. a4 Bxb2 19. axb5 Bxc1 20. Qxc1 h6 21. Nf3 Ne6 22. Bxh6 Rf5 23. Bh3 Rxf3 24. Bxe6+ Kh7 25. Bf4 g5 26. Qd1 Rxf4 27. Qh5+ Kg7 28. gxf4 1-0

[Event "Nachod op 7th"]
[Site "Nachod"]
[Date "2001.??.??"]
[Round "2"]
[White "Cerveny, Martin"]
[Black "Stepan, Michal"]
[Result "1-0"]
[WhiteElo "2095"]
[BlackElo "1915"]
[PlyCount "77"]
[EventDate "2001.??.??"]
[EventType "swiss"]
[EventRounds "9"]
[EventCountry "CZE"]
[SourceTitle "EXT 2007"]
[Source "ChessBase"]
[SourceDate "2006.11.23"]
[SourceVersion "1"]
[SourceVersionDate "2006.11.23"]
[SourceQuality "1"]

1. c4 Nf6 2. Nc3 g6 3. g3 Bg7 4. Bg2 0-0 5. e4 e5 6. Nge2 Nc6 7. 0-0 d6 8. f4 exf4 9. gxf4 Bg4 10. h3 Be6 11. b3 Qd7 12. Kh2 Nh5 13. d4 Bg4 14. hxg4 Qxg4 15. Bh3 Qh4 16. Be3 f5 17. Qe1 Qe7 18. e5 dxe5 19. Nd5 Qd6 20. dxe5 Nxe5 21. Rd1 Ng4+ 22. Bxg4 fxg4 23. Qb4 Qe6 24. Qe7 Qa6 25. Nb4 Rae8 26. Qg5 Rxe3 27. Nxa6 Rxe2+ 28. Kg1 bxa6 29. Qxg4 Rfe8 30. Rd8 Rxd8 31. Qxe2 c5 32. Qe6+ Kh8 33. Qe7 Bf6 34. Qf7 Bd4+ 35. Kg2 Bg7 36. Rf2 Nf6 37. f5 g5 38. Re2 Rf8 39. Qxa7 1-0

[Event "Nachod op 7th"]
[Site "Nachod"]
[Date "2001.??.??"]
[Round "8"]
[White "Hejkrlik, Filip"]
[Black "Stepan, Michal"]
[Result "0-1"]
[WhiteElo "2000"]
[BlackElo "1920"]
[PlyCount "56"]
[EventDate "2001.??.??"]
[EventType "swiss"]
[EventRounds "9"]
[EventCountry "CZE"]
[SourceTitle "EXT 2007"]
[Source "ChessBase"]
[SourceDate "2006.11.23"]
[SourceVersion "1"]
[SourceVersionDate "2006.11.23"]
[SourceQuality "1"]

1. c4 c6 2. d3 d5 3. Nd2 Nf6 4. g3 e5 5. Bg2 Be6 6. Qc2 Na6 7. a3 Rc8 8. Ngf3 Bd6 9. 0-0 Ng4 10. b4 f6 11. e4 Nh6 12. Bb2 0-0 13. d4 Nf7 14. Rfe1 Qd7 15. c5 Bb8 16. dxe5 fxe5 17. exd5 Bxd5 18. Bxe5 Nc7 19. Rad1 Qg4 20. Qb2 Ne6 21. h3 Qh5 22. Bxb8 Rxb8 23. Ne4 Bxe4 24. Rxe4 Nfg5 25. Rg4 Nxf3+ 26. Bxf3 Rxf3 27. Re1 Ng5 28. Qd4 Nxh3+ 0-1